000 00319nam a2200133Ia 4500
008 230917s9999||||xx |||||||||||||| ||und||
040 _e94403
_aMAIN
041 _aEnglish
082 _a333.3322 N167T
100 _aNarender Singh
245 0 _aTranslations in land market in Haryana
300 _a212 p.
942 _cTH
999 _c86710
_d86710